| 000 | 00788nam a2200253Ia 4500 | ||
|---|---|---|---|
| 001 | Para_6535 | ||
| 003 | CHAP | ||
| 008 | 220125s1999 xx 000 0 und d | ||
| 010 | _a205393 | ||
| 040 | _cCHAP | ||
| 090 | _aPA FOLLETO 542 | ||
| 110 |
_aMéxico. Dirección General de Sanidad Vegetal _977045 |
||
| 245 |
_aGuía del buen uso de los plagucidas en el campo para obtener mejores cosechas y evitar accidentes / _c por Dirección General de Sanidad Vegetal |
||
| 260 |
_aMéxico : _b La Dirección |
||
| 300 | _a1 hoja desplegable | ||
| 650 |
_aPesticidas _x aplicación _987539 |
||
| 901 | _aPA FOLLETO 542 | ||
| 902 | _aA | ||
| 905 | _a00000019-- 0000000000 00 | ||
| 910 | _a19-- | ||
| 942 | _cPARA | ||
| 942 |
_cPARA _d1 |
||
| 999 |
_c205393 _d205393 |
||